Εισαγωγή στην ασφαλιστική επιστήμη
Saved in:
| Main Author: | |
|---|---|
| Format: | Book |
| Language: | Greek |
| Published: |
Αθήνα :
Interbooks,
1993.
|
| Subjects: | |
| Tags: |
Add Tag
No Tags, Be the first to tag this record!
|
MARC
| LEADER | 00000cam a2200000 i 4500 | ||
|---|---|---|---|
| 001 | 1/23127 | ||
| 008 | 121001s1993 gr | ||| |||| ||gre|| | ||
| 035 | |l 10113183 | ||
| 040 | |a GR-MyUA |b gre |e AACR2 | ||
| 041 | 0 | |a gre | |
| 082 | 0 | |a 268.32 |2 (22) | |
| 100 | 1 | |a Κιόχος, Πέτρος Α. | |
| 245 | 1 | 0 | |a Εισαγωγή στην ασφαλιστική επιστήμη / |c Πέτρος Α. Κιόχος. |
| 260 | |a Αθήνα : |b Interbooks, |c 1993. | ||
| 300 | |a 347 σ. : |b σχέδια, πίν. ; |c 24 εκ. | ||
| 504 | |a Βιβλιογραφία: σ.347. | ||
| 650 | 0 | 0 | |a Insurance companies. |
| 650 | 0 | 0 | |a Life insurance. |
| 650 | 0 | 0 | |a Automobile insurance. |
| 852 | |a INST |b SAMOS |e 20121001 |h 368.32 ΚΙΟ |p 005300033590 |q 005300033590 |t BK |y 0 | ||
| 901 | |a BIBL3-2012-3 | ||
| 909 | |a Σ |b 172452 | ||
| 970 | |a ΚΟΣΙΕΡΗΣ |b ΧΡΗΣΤΟΣ |z 2012/10/01 | ||